Southville International School and Colleges
Your cart is empty.
  • Cart
  • Lists
    Public lists Eva Luna New books Lux_list list_1
    Your lists Log in to create your own lists
  • Log in to your account
  • Your cookies
  • Search history
Southville International School and Colleges
  • Advanced search
  • Recent comments
  • Most popular
  • Libraries

Log in to your account

Log in with GOOGLE


If you do not have an external account, but do have a local account, you can still log in:

  1. Home
  2. MARC view: Lawyers are killing America :
Normal view MARC view ISBD view

Lawyers are killing America : (Record no. 8594)

[ view plain ]
MARC details
000 -LEADER
fixed length control field 01015pam a2200313 a 4500
001 - CONTROL NUMBER
control field 1510588
003 - CONTROL NUMBER IDENTIFIER
control field SISC
005 - DATE AND TIME OF LATEST TRANSACTION
control field 20160401143527.0
008 - FIXED-LENGTH DATA ELEMENTS--GENERAL INFORMATION
fixed length control field 891108s1990 cau 000 0 eng
010 ## - LIBRARY OF CONGRESS CONTROL NUMBER
LC control number 89048614
020 ## - INTERNATIONAL STANDARD BOOK NUMBER
International Standard Book Number 0884963101
020 ## - INTERNATIONAL STANDARD BOOK NUMBER
International Standard Book Number 0888496311X (pbk.)
020 ## - INTERNATIONAL STANDARD BOOK NUMBER
Cancelled/invalid ISBN 088496310X (jacket)
040 ## - CATALOGING SOURCE
Original cataloging agency DLC
Transcribing agency DLC
Modifying agency DLC
043 ## - GEOGRAPHIC AREA CODE
Geographic area code n-us---
050 00 - LIBRARY OF CONGRESS CALL NUMBER
Classification number KF 1250
Item number .W55 1990
082 00 - DEWEY DECIMAL CLASSIFICATION NUMBER
Classification number 346.7303
-- 347.3063
100 1# - MAIN ENTRY--PERSONAL NAME
Personal name Robert V. Wills.
Dates associated with a name 1927-
9 (RLIN) 10355
245 10 - TITLE STATEMENT
Title Lawyers are killing America :
Remainder of title a trial lawyer's appeal for genuine tort reform /
Statement of responsibility, etc Robert V. Wills.
260 ## - PUBLICATION, DISTRIBUTION, ETC. (IMPRINT)
Place of publication, distribution, etc Santa Barbara :
Name of publisher, distributor, etc Capra Press,
Date of publication, distribution, etc c1990.
300 ## - PHYSICAL DESCRIPTION
Extent 137 p. ;
Dimensions 23 cm.
650 #0 - SUBJECT ADDED ENTRY--TOPICAL TERM
Topical term or geographic name as entry element Torts
Geographic subdivision United States.
9 (RLIN) 10356
650 #0 - SUBJECT ADDED ENTRY--TOPICAL TERM
Topical term or geographic name as entry element Liability insurance
Geographic subdivision United States.
9 (RLIN) 10357
906 ## - LOCAL DATA ELEMENT F, LDF (RLIN)
a 7
b cbc
c orignew
d 1
e ocip
f 19
g y-gencatlg
942 ## - ADDED ENTRY ELEMENTS (KOHA)
Source of classification or shelving scheme Library of Congress Classification
Koha item type Books
Holdings
Withdrawn status Lost status Source of classification or shelving scheme Damaged status Home library Current library Shelving location Date acquired Total Checkouts Full call number Barcode Date last seen Copy number Price effective from Koha item type
    Library of Congress Classification   Luxembourg Library Luxembourg Library High School Section 08/14/2013   KF 1250 .W55 1990 9891 04/01/2016 1 08/14/2013 Books
    Library of Congress Classification   Luxembourg Library Luxembourg Library High School Section 08/14/2013   KF 1250 .W55 1990 9833 05/25/2015 1 08/14/2013 Books

Lawyers are killing America :

APA

Robert V. Wills, . (1990). Lawyers are killing America. Santa Barbara: Capra Press.

Chicago

Robert V. Wills, . 1990. Lawyers are killing America. Santa Barbara: Capra Press.

Harvard

Robert V. Wills, . (1990). Lawyers are killing America. Santa Barbara: Capra Press.

MLA

Robert V. Wills, . Lawyers are killing America. Santa Barbara: Capra Press. 1990.

  • Place hold
  • Print
  • Cite
  • Add to your cart (remove)
  • Save record
    BIBTEX Dublin Core MARCXML MARC (non-Unicode/MARC-8) MARC (Unicode/UTF-8) MARC (Unicode/UTF-8, Standard) MODS (XML) RIS
  • More searches
    Search for this title in:
    Other Libraries (WorldCat) Other Databases (Google Scholar) Online Stores (Bookfinder.com) Open Library (openlibrary.org)

Exporting to Dublin Core...

SOUTHVILLE LIBRARY

Southville International School and Colleges Library

1281 Tropical Ave. Cor. Luxembourg St., BF Homes International, Las Pinas City

Tel. No. 8256374 / 252358 Loc. 117/146

Powered by Koha